[Event "Orsha op"]
[Site "Orsha"]
[Date "2015.01.20"]
[Round "3"]
[White "Konnov, Oleg"]
[Black "Sarbay, Alexander"]
[Result "1-0"]
[WhiteElo "2316"]
[BlackElo "2142"]
[PlyCount "59"]
[EventDate "2015.01.19"]
[EventType "swiss"]
[EventRounds "9"]
[EventCountry "BLR"]
[SourceTitle "CBM 164 Extra"]
[Source "ChessBase"]
[SourceDate "2015.03.02"]
[SourceVersion "1"]
[SourceVersionDate "2015.03.02"]
[SourceQuality "1"]

1. d4 Nf6 2. Nf3 c5 3. d5 e6 4. c4 exd5 5. cxd5 d6 6. Nc3 g6 7. h3 Bg7 8. e4 0-0 9. Bd3 b6 10. 0-0 Ba6 11. a4 c4 12. Bc2 Nbd7 13. Bf4 Nc5 14. Re1 Re8 15. Nd2 Qd7 16. Qf3 Rad8 17. Bg5 Qe7 18. Nb5 Bxb5 19. axb5 Qe5 20. Bxf6 Bxf6 21. Nxc4 Qd4 22. Rxa7 Re7 23. Rxe7 Bxe7 24. Qc3 Qxc3 25. bxc3 Nd7 26. Ra1 Rc8 27. Ra4 Kg7 28. e5 Nc5 29. exd6 Bxd6 30. Nxd6 1-0

[Event "Palanga Baltija op-A"]
[Site "Palanga"]
[Date "2014.06.18"]
[Round "5"]
[White "Horn, Emilia"]
[Black "Sarbay, Alexander"]
[Result "0-1"]
[WhiteElo "2027"]
[BlackElo "2128"]
[PlyCount "100"]
[EventDate "2014.06.16"]
[EventType "swiss"]
[EventRounds "9"]
[EventCountry "LTU"]
[SourceTitle "CBM 161 Extra"]
[Source "ChessBase"]
[SourceDate "2014.08.29"]
[SourceVersion "1"]
[SourceVersionDate "2014.08.29"]
[SourceQuality "1"]

1. e4 c5 2. Nf3 Nc6 3. Bb5 d6 4. d4 cxd4 5. Qxd4 Bd7 6. Bxc6 Bxc6 7. Nc3 Nf6 8. Bg5 e6 9. 0-0-0 Be7 10. Qd3 0-0 11. Nd4 Qa5 12. f4 h6 13. Bxf6 Bxf6 14. Rhe1 Rfd8 15. g4 Rac8 16. Kb1 b5 17. h4 Bxd4 18. Qxd4 b4 19. Ne2 Qc5 20. Qxc5 dxc5 21. Ng3 Kf8 22. Kc1 Ke7 23. f5 e5 24. Rxd8 Rxd8 25. g5 hxg5 26. hxg5 Rh8 27. f6+ gxf6 28. Nf5+ Ke6 29. Ng7+ Ke7 30. Nf5+ Ke6 31. Ng7+ Kd7 32. gxf6 Rh4 33. Rd1+ Kc7 34. Nf5 Rf4 35. b3 Bxe4 36. Nd6 Bg6 37. Ne8+ Kc8 38. Rd5 Rf1+ 39. Kb2 Rf2 40. Rxc5+ Kd7 41. Ng7 e4 42. Rd5+ Kc6 43. Rd4 e3 44. Rc4+ Kd5 45. Rxb4 Rxc2+ 46. Ka3 e2 47. Rb5+ Rc5 48. Rb8 e1Q 49. Rd8+ Kc6 50. Ne8 Qa5+ 0-1